FIDE World Chess Champs [1948-2023] - Statistics

General Stats
  • This quiz has been taken 17 times
  • The average score is 9 of 16
Answer Stats
Hint Answer % Correct
2013-2023 Magnus Carlsen
100%
1972-1975 Bobby Fischer
94%
1975-1985,1993-1999 Anatoly Karpov
88%
1985-1993 Garry Kasparov
88%
2023- Ding Liren
81%
2000-2002,2007-2013 Viswanathan Anand
75%
2006-2007 Vladimir Kramnik
69%
1960-1961 Mikhail Tal
63%
1969-1972 Boris Spassky
56%
1948-1957,1958-1960, 1961-1963. Mikhail Botvinnik
38%
1963-1969 Tigran Petrosian
38%
2005-2006 Veselin Topalov
31%
1957-1958 Vasily Smyslov
19%
1999-2000 Alexander Khalifman
6%
2002-2004 Ruslan Ponomariov
6%
2004-2005 Rustam Kasimdzhanov
0%
No matching quizzes found
Score Distribution
Percent of People with Each Score
Percentile by Number Answered
Your Score History
You have not taken this quiz